000 00562cam a2200193 4500500
005 20260405002057.0
041 _afre
042 _adc
100 1 0 _aLequin, Mathilde
_eauthor
245 0 0 _aSituation de la France
260 _c2015.
500 _a71
690 _aContrat social
690 _aIslam
690 _aMusulmans
690 _aPierre Manent
786 0 _nPhilosophie magazine | 93 | 10 | 2015-10-01 | p. 52-54 | 1951-1787
856 4 1 _uhttps://shs.cairn.info/magazine-philosophie-magazine-2015-10-page-52?lang=fr&redirect-ssocas=7080
999 _c2054014
_d2054014